02211cam a2200409 i 450000100090000000300040000900500170001300800410003001000170007102000380008802000390012602000260016504000320019104200080022305000220023108200260025310000360027924501100031526400640042530000270048933600210051633700250053733800230056249000160058550400660060150506330066765000580130065000550135865000450141365000250145865000280148383000330151190600450154494200580158995201370164799900170178418978338OSt20231204123828.0160217s2017 ilu b 001 0 eng c a 2016007593 a9780810134225 (pbk. : alk. paper) a9780810134232 (cloth : alk. paper) a9780810134249 (ebook) aIEN/DLCbengcIENerdadDLC apcc00aPK1712b.S49 201704a891.4430093552bSHA/I1 aShandilya, Krupaeauthor.9999510aIntimate relations :bsocial reform and the late nineteenth-century South Asian novel /cKrupa Shandilya. 1aEvanston, Illinois :bNorthwestern University Press,c2017. ax, 157 pages ;c23 cm. atext2rdacontent aunmediated2rdamedia avolume2rdacarrier1 aFlashpoints aIncludes bibliographical references (page 137-145) and index.0 aAt home in the world : feminist agency in the late-nineteenth century social reform novel -- Desire, death, and the discourse of sati : Bankimchandra Chatterjee's Krishnakanter Uil and Rabindranath Tagore's Chokher Bali -- Erotic worship and the discourse of rights : spiritual feminism in Saratchandra Chatterjee's fiction -- On purdah and poetry : social reform and the status of Urdu poetry in Nazir Ahmad and Hali's fiction -- Poetry, piety and performance : the politics of modesty in M.H. Ruswa's Umrao jaan ada and Junun-e-intezaar -- Towards a feminist modernity : the religious-erotic politics of the modernesque novel. 0aBengali fictiony19th centuryxHistory and criticism. 0aUrdu fictiony19th centuryxHistory and criticism. 0aDomestic fictionxHistory and criticism. 0aWomen in literature. 0aSex role in literature. 0aFlashPoints (Evanston, Ill.) a7bcbccorignewd1eecipf20gy-gencatlg 2ddccBKh891.4430093552iSHA/Ik891.4430093552mSHA/I 00102ddc40708LITaMESbMEScHISd2023-12-04l0o891.4430093552 SHA/Ip44052r2023-12-04 12:39:01v895.00w2023-12-04yBKzGL42R2 c43870d43870